| 000 | 00339nam a2200097Ia 4500 | ||
|---|---|---|---|
| 008 | 220120s9999||||xx |||||||||||||| ||und|| | ||
| 100 | _aAshwini G, Mithun P, Shinoj Kumar P and Varun Sundaram | ||
| 245 | 0 | _aMessage status tracking systems | |
| 260 |
_aCoorg Institute of Technology _bPonnampet _c2011 |
||
| 650 | _aELECTRONICS AND COMMUNICATIONS | ||
| 999 |
_c137924 _d137924 |
||